An understanding of the fundamental techniques of volleyball /

This book presents about History of Volleyball, General Rules of Play, and other Formats.

שמור ב:
מידע ביבליוגרפי
מחבר ראשי: Howard, Robert E.
פורמט: ספר
שפה:English
יצא לאור: Boston : Allyn and Bacon, 1996.
נושאים:
תגים: הוספת תג
אין תגיות, היה/י הראשונ/ה לתייג את הרשומה!
Thư viện lưu trữ: Mạng thư viện Đại học Đà Nẵng
LEADER 00905cam a2200325 i 4500
001 000047902
003 7596
005 20030312151411.0
008 010326|1996 vm 000 eng
020 |a 0205165583 
040 |a IRC  |c IRC  |d IRC 
041 0 |a eng 
082 1 4 |a 796.325  |b HO-R 
100 1 |a Howard, Robert E. 
245 0 3 |a An understanding of the fundamental techniques of volleyball /  |c Robert E. Howard. 
260 |a Boston :  |b Allyn and Bacon,  |c 1996. 
300 |a 178 p. :  |b ill. ;  |c 28cm. 
520 3 |a This book presents about History of Volleyball, General Rules of Play, and other Formats. 
630 0 4 |a Volleyball. 
650 0 4 |a Volleyball. 
OWN |a DUT 
999 |a From the UDN01 
TYP |a Monograph 
TYP |a Printed language 
980 |a Mạng thư viện Đại học Đà Nẵng